| 000 | 00844cam a2200253 a 4500 | ||
|---|---|---|---|
| 020 | _a0027357740 : | ||
| 040 | _cDLC | ||
| 082 | 0 | 0 | _a333 MAC 1991 A018 Or. |
| 100 | 1 | _aGallant, Roy A. | |
| 245 | 1 | 0 | _aEarth's vanishing forests / |
| 250 | _a1st ed. | ||
| 260 |
_aNew York : _bMacmillan ; _aToronto : _bMaxwell Macmillan Canada ; _aNew York : _bMaxwell Macmillan International, _cc1991. |
||
| 300 |
_axiii, 162 p. : _bill. ; _c24 cm. |
||
| 520 | _aDiscusses the ecology of rain forests, the problem posed by the present danger to rain forests, and possibilities for the future. | ||
| 650 | 0 | _aRain forest ecology | |
| 650 | 0 | _aDeforestation | |
| 650 | 0 | _aNature | |
| 650 | 0 | _aRain forest conservation | |
| 650 | 1 | _aRain forest ecology. | |
| 650 | 1 | _aRain forest conservation. | |
| 650 | 1 | _aNature | |
| 650 | 1 | _aEcology. | |
| 942 | _cEK | ||
| 999 |
_c12236 _d12236 |
||